000 00287nam a22001337a 4500
008 170825b xxu||||| |||| 00| 0 eng d
020 _a9780240813516
041 _aeng
080 _a070
100 _a27
101 _aMED
245 _aFLASH EFFECTS
_cJACKSON.CH
942 _2udc
_cBK
999 _c25020
_d25020